| 000 | 01270nam a2200313 a 4500 | ||
|---|---|---|---|
| 001 | ebr10381242 | ||
| 003 | CaPaEBR | ||
| 006 | m u | ||
| 007 | cr cn||||||||| | ||
| 008 | 041015s2004 dcua sb 001 0 eng | ||
| 010 | _z 2004023736 | ||
| 020 | _z0895260476 (pbk. : alk. paper) | ||
| 040 |
_aCaPaEBR _cCaPaEBR |
||
| 035 | _a(OCoLC)647916368 | ||
| 043 | _an-us--- | ||
| 050 | 1 | 4 |
_aE179 _b.W83 2004eb |
| 082 | 0 | 4 |
_a973 _222 |
| 100 | 1 | _aWoods, Thomas E. | |
| 245 | 1 | 4 |
_aThe politically incorrect guide to American history _h[electronic resource] / _cThomas E. Woods. |
| 260 |
_aWashington, D.C. : _bRegnery Pub. ; _aLanham, Md. : _bDistributed by National Book Network, _cc2004. |
||
| 300 |
_axv, 270 p. : _bill. |
||
| 504 | _aIncludes bibliographical references and index. | ||
| 533 |
_aElectronic reproduction. _bPalo Alto, Calif. : _cebrary, _d2013. _nAvailable via World Wide Web. _nAccess may be limited to ebrary affiliated libraries. |
||
| 650 | 0 |
_aPolitical correctness _zUnited States. |
|
| 651 | 0 |
_aUnited States _xHistory _vMiscellanea. |
|
| 655 | 7 |
_aElectronic books. _2local |
|
| 710 | 2 | _aebrary, Inc. | |
| 856 | 4 | 0 |
_uhttp://site.ebrary.com/lib/rucke/Doc?id=10381242 _zAn electronic book accessible through the World Wide Web; click to view |
| 999 |
_c102416 _d102416 |
||